[Event "SUI-ch op"]
[Site "Leukerbad"]
[Date "2007.07.19"]
[Round "8"]
[White "Jenni, Florian"]
[Black "Rosenthal, Joachim"]
[Result "1-0"]
[WhiteElo "2527"]
[BlackElo "2250"]
[PlyCount "65"]
[EventDate "2007.07.12"]
[EventType "swiss"]
[EventRounds "9"]
[EventCountry "SUI"]
[SourceTitle "CBM 119 Extra"]
[Source "ChessBase"]
[SourceDate "2007.09.04"]
[SourceVersion "1"]
[SourceVersionDate "2007.09.04"]
[SourceQuality "1"]

1. Nf3 Nf6 2. b3 d5 3. Bb2 Bg4 4. g3 e6 5. Bg2 Bd6 6. d3 Nbd7 7. Nbd2 c6 8. h3 Bh5 9. e4 e5 10. 0-0 0-0 11. Qe1 Re8 12. Nh4 Rc8 13. a3 Bb8 14. Bf3 Bxf3 15. Nhxf3 a5 16. Kg2 a4 17. b4 d4 18. c4 dxc3 19. Bxc3 Ba7 20. Qe2 b5 21. d4 exd4 22. Nxd4 Nd5 23. Bb2 Bxd4 24. Bxd4 c5 25. bxc5 Nxc5 26. Kh2 Ne6 27. Be5 Nb6 28. Qxb5 Rc5 29. Qb2 f6 30. Bc3 Qd3 31. Rac1 Rec8 32. Qxb6 R5c6 33. Qb1 1-0

[Event "Zuerich op-A 07th"]
[Site "Zuerich"]
[Date "1983.??.??"]
[Round "5"]
[White "Rosenthal, Joachim"]
[Black "Bhend, Edwin"]
[Result "0-1"]
[WhiteElo "2215"]
[BlackElo "2370"]
[PlyCount "87"]
[EventDate "1983.12.26"]
[EventType "swiss"]
[EventRounds "7"]
[EventCountry "SUI"]
[SourceTitle "EXT 2008"]
[Source "ChessBase"]
[SourceDate "2007.11.25"]
[SourceVersion "1"]
[SourceVersionDate "2007.11.25"]
[SourceQuality "1"]

1. d4 f5 2. g3 Nf6 3. Bg2 e6 4. c4 Be7 5. Nf3 0-0 6. 0-0 d6 7. Nc3 Qe8 8. Re1 Qg6 9. e4 fxe4 10. Nxe4 Nxe4 11. Rxe4 Nc6 12. Qe2 Bf6 13. d5 exd5 14. cxd5 Ne5 15. Bf4 Bf5 16. Nxe5 dxe5 17. Rxe5 Bxe5 18. Qxe5 Rae8 19. Qxc7 Bb1 20. Qc1 Be4 21. d6 Bxg2 22. Kxg2 Re4 23. d7 Rd4 24. Qc7 Qg4 25. h3 Qxd7 26. Qxd7 Rxd7 27. Re1 Rc8 28. Re2 Kf7 29. Be5 a6 30. h4 h5 31. Bc3 Re8 32. Rc2 g6 33. a3 Re6 34. Bb4 Re5 35. Bc3 Red5 36. Re2 Re7 37. Rc2 a5 38. Kf3 Re6 39. Kg2 b6 40. Kf3 Rd3+ 41. Kg2 Ke8 42. Bh8 Kd7 43. Rc4 Kd6 44. Bc3 0-1